Megálmodni és létrehozni

Bibliographic Details
Other Authors: Álló, István (Interviewer)
Format: Article
Language:Hungarian
PhysicalDescription:Fotografie
ISSN:1336-3638
Subjects:

MARC

LEADER 00000nab a2200000 4500
001 vtls012008639
003 SK-MaSNL
005 20260318140407.0
008 201211|2020 xo |||| || ||00 0|hun
015 |a SNBRB2020/12 
040 |a DSZK  |b slo  |c DSZK  |e rda 
041 |a hun 
043 |a e-xo--- 
044 |a xo  |c SK 
072 7 |a 821.511.1  |x Ugrofínske literatúry  |2 konspekt 
080 |a 821.511.141 (437.6)-34  |2 2011 
100 1 |a Álló, István  |4 ivr  |9 776973 
245 1 0 |a Megálmodni és létrehozni  |c Álló István, Kovács, Barnabás 
300 |b Fotografie 
336 |a text  |b txt  |2 rdacontent 
337 |a bez média  |b n  |2 rdamedia 
338 |a zväzok  |b nc  |2 rdacarrier 
600 1 7 |a Kovács, Barnabás  |t Az erdei karácsony  |2 dszk  |9 1109644 
650 0 7 |a maďarská literatúra  |2 SNKPH  |9 1193 
650 0 7 |a autorské rozprávky  |2 SNKPH  |9 31369 
651 7 |a Horná Potôň (Slovensko)  |2 SNKPHgeo  |9 55617 
700 1 |a Kovács, Barnabás  |4 ive  |9 412661 
773 0 |t Csallóköz  |g Évf. 60, sz. 48-49 (2020), o. 18-19  |x 1336-3638 
852 |a DSZK  |b KIS3GCP 
958 |a SK 
958 |a HU 
958 |a RG 
999 |c 1826516  |d 1828446